Statistiques concernant Pokémon - Tous les Pokémon (Deuxième génération)

Cliquez ici pour prendre le quiz!

Statistiques générales

  • Ce quiz a été pris 16 fois
  • Le résultat moyen est 71 sur 100

Statistiques - réponses

NuméroPokémon% Correct
160Aligatueur
100%
251Célébi
100%
159Crocrodil
100%
156Feurisson
100%
152Germignon
100%
155Héricendre
100%
250Ho-oh
100%
158Kaiminus
100%
249Lugia
100%
153Macronium
100%
154Méganium
100%
157Typhlosion
100%
221Cochignon
90%
189Cotovol
90%
244Entei
90%
205Foretress
90%
161Fouinette
90%
187Granivol
90%
220Marcacrin
90%
172Pichu
90%
243Raikou
90%
245Suicune
90%
234Cerfrousse
80%
198Cornèbre
80%
229Démolosse
80%
246Embrylex
80%
200Feuforêve
80%
188Floravol
80%
162Fouinar
80%
240Magby
80%
228Malosse
80%
196Mentali
80%
168Migalos
80%
167Mimigal
80%
164Noarfang
80%
197Noctali
80%
169Nostenfer
80%
208Steelix
80%
175Togépi
80%
174Toudoudou
80%
248Tyranocif
80%
247Ymphect
80%
227Airmure
70%
190Capumain
70%
165Coxy
70%
166Coxyclaque
70%
232Donphan
70%
241Ecremeuh
70%
239Elekid
70%
192Héliatronc
70%
163Hoothoot
70%
230Hyporoi
70%
206Insolourdo
70%
242Leuphorie
70%
173Mélo
70%
231Phanpy
70%
181Pharamp
70%
204Pomdepik
70%
185Simularbre
70%
186Tarpaud
70%
176Togétic
70%
201Zarbi
70%
184Azumarill
60%
212Cizayox
60%
215Farfuret
60%
180Lainergie
60%
171Lanturn
60%
218Limagma
60%
170Loupio
60%
183Marill
60%
177Natu
60%
214Scarhino
60%
207Scorplane
60%
219Volcaropod
60%
178Xatu
60%
194Axoloto
50%
222Corayon
50%
236Debugant
50%
226Démanta
50%
203Girafarig
50%
182Joliflor
50%
237Kapoera
50%
238Lippouti
50%
195Maraiste
50%
224Octillery
50%
233Porygon2
50%
235Queulorior
50%
211Qwilfish
50%
199Roigada
50%
216Teddiursa
50%
191Tournegrin
50%
217Ursaring
50%
179Wattouatt
50%
193Yanma
50%
225Cadoizo
40%
213Caratroc
40%
210Granbull
40%
223Rémoraid
40%
209Snubbull
40%
202Qulbutoké
30%

Distribution des résultats

Percentile par nombre de réponses

% des personnes avec chaque résultat

Votre développement - résultats

Vous n’avez pas pris ce quiz